Etnobotánica: manual de métodos

-д хадгалсан:
Номзүйн дэлгэрэнгүй
Үндсэн зохиолч: Martin, Gary J. (autor)
Формат: Ном
Хэл сонгох:испани
Хэвлэсэн: Montevideo Nordan-Comunidad 1995
Цуврал:Pueblos y Plantas, 1
Нөхцлүүд:
Шошгууд: Шошго нэмэх
Шошго байхгүй, Энэхүү баримтыг шошголох эхний хүн болох!

MARC

LEADER 00000nam a2200000 a 4500
001 UCL5211
003 CL-VaPUC
008 040305e19950000UY |||||||||||||||||spa|d
020 |a 9974420725 
082 0 4 |a 580  |b MAR  |2 21 
100 |a Martin, Gary J.  |e autor  |9 482941 
245 1 0 |a Etnobotánica: manual de métodos 
300 |a 240 p 
942 |c BK 
945 |d 20040305 00:00:00  |a cmena 
260 |a Montevideo  |b Nordan-Comunidad  |c 1995 
650 0 |a Botánica  |9 264202 
650 0 |a Protección del medio ambiente  |9 257626 
650 0 |a Ecología de las plantas  |9 482942 
583 |a last modification  |c 20040305 00:00:00  |k Rodrigo Vera 
490 0 |a Pueblos y Plantas, 1 
999 |c 307868  |d 307866 
952 |0 0  |1 0  |4 0  |6 580_000000000000000_MAR_1995  |7 0  |8 A  |9 374006  |a BIBAGR  |b BIBAGR  |d 2019-11-21  |i 3845729  |o 580 MAR 1995  |p 3845729  |r 2025-01-20  |w 2019-11-21  |y BK  |k AGR 
952 |0 0  |1 0  |4 0  |6 580_000000000000000_MAR_1995  |7 0  |8 A  |9 374007  |a BIBAGR  |b BIBAGR  |d 2019-11-21  |i 3915670  |o 580 MAR 1995  |p 3915670  |r 2025-01-20  |w 2019-11-21  |y BK  |k AGR